00811nam a2200253 a 4500001001300000003000900013005001700022008004100039020002300080082001800103100002000121245008100141260003600222300000900258500003500267505002900302650002700331650001300358700002000371902000800391942000700399952013400406999001700540nice12345678IN_TiNIC20260116013654.0050524s1995 newa grp 000 0 eng  a8173046 c30000a294.5447bODD aOddie, Geoffrey aPopular Religion Elites and Reformb Hook-Swinging and Its Prohibition in Co aNew Delhi bManohar Pub. c1995 a200p aincludes index and biblioraphy2 aColonial India 1800-1894 aHook-Swinging-Hinduism aSadhuism1 aOddie, Geoffrey bSRS cBK 001040708StackRoom-aHMIbHMId2007-07-24g300.00l3m2o294.5447 ODDp016934r2020-02-19s2020-02-03v300.00w2005-05-24yBK c11899d11899